000 01081nam2a22002771 4500
001 rc\3311699
005 20130115150353.0
035 _a(NLR Aleph) 007543288
090 _a9775135
_c9775135
100 _a20130115d1970 |||y0rusy50 ca
101 0 _arus
102 _aRU
105 _aa z |||||
200 1 _aАвтоматическое и дистанционное управление агрегатами технических систем
_aЛифтовое оборудование
210 _d1970
215 _a58 с., 1 л. схем.
_cил.
333 _aНа правах рукописи
461 0 _1001rc\3311697
_12001#$aТехнические системы$eУчеб. пособие$eВып. 2-$fМ-во обороны СССР$vВып. 3
_1700#1$aИвановский$bБ.П.
700 1 _6z01790
_aИвановский
_bБ. П.
701 1 _aКолибернов
_bА. С.
790 1 _6z01700
_aИвановский
_bБ.
_gБ.[И.!]
801 0 _aRU
_bNLR
_gpsbo
801 1 _aRU
_bELAR
_2rusmarc
852 _aNLR
_j50К/23494
942 _cBOOK
980 _aNB